| 000 | 00643cam a22002171 4500 | ||
|---|---|---|---|
| 001 | he 66001932 | ||
| 003 | DLC | ||
| 005 | 20260227111442.0 | ||
| 008 | 940225s1966 is a 000 0 heb | ||
| 010 | _ahe 66001932 | ||
| 025 | _aPL480:Is-3411 | ||
| 035 | _a(OCoLC)29873260 | ||
| 040 |
_aDLC _cTxU _dDLC |
||
| 042 | _apremarc | ||
| 050 | 0 | 0 |
_aPJ5053.B5925 _bS5 |
| 100 | 2 |
_aBouskéla-Gutman, Myriam, _d1898- |
|
| 245 | 1 | 0 |
_aShete ha-sapot; _bsipurim _c[me-et] Miryam Boskalah-Gutman. Rishumim: Naḥum Gutman. |
| 260 |
_a[Tel-Aviv] _bMaḥberot la-sifrut _c[1966] |
||
| 300 |
_a160 p. _billus. _c21 cm. |
||
| 500 | _aIncludes unacc. melodies. | ||
| 999 |
_c32040 _d32040 |
||